Gold Coast Airport Flight Destinations - Statistics

General Stats
  • This quiz has been taken 172 times
    21 since last reset
  • The average score is 22 of 24
Answer Stats
Airline State/Country Destination % Correct
Air New Zealand New Zealand Auckland
100%
Jetstar (intl) New Zealand Auckland
100%
Jetstar Airways VIC Melbourne
100%
Qantas VIC Melbourne
100%
Virgin Australia VIC Melbourne
100%
Jetstar Airways WA Perth
100%
Jetstar Airways NSW Sydney
100%
Qantas NSW Sydney
100%
Virgin Australia NSW Sydney
100%
Jetstar Airways SA Adelaide
93%
Virgin Australia SA Adelaide
93%
Jetstar Airways QLD Cairns
93%
Jetstar Airways ACT Canberra
93%
Virgin Australia ACT Canberra
93%
Jetstar Airways NT {Darwin} (seasonal)
93%
Virgin Australia (intl) Indonesia Denpasar
93%
Jetstar Airways TAS Hobart
93%
Air New Zealand New Zealand Christchurch
87%
Jetstar (intl) New Zealand Christchurch
87%
FlyPelican NSW Newcastle
87%
Jetstar Airways NSW Newcastle
87%
Jetstar (intl) New Zealand Wellington
80%
Jetstar Airways VIC Avalon
67%
Jetstar (intl) New Zealand Queenstown
67%
No matching quizzes found
Score Distribution
Percent of People with Each Score
Percentile by Number Answered
Your Score History
You have not taken this quiz since the last reset